000 00873nam a2200241Ia 4500
003 GCL
005 20240530110138.0
008 140319s9999 xx 000 0 ara d
040 _aGCL /
_cGCL
082 0 4 _a362.29
_bم ح
100 1 _aمحمد يسرى ابراهيم دعبس
245 1 0 _aالحياة الاجتماعية للمدمن فى الثقافات المختلفة : دراسة فى انثرويولوجيا الجريمة /
_cمحمد يسرى ابراهيم دعبس
250 _aالاولى
260 _a[S.N] :
_bالمؤلف ،
_c1994
300 _a225ص ؛
_c24سم
650 0 4 _aالجريمة والمجرمون
650 0 4 _aادمان المخدرات
650 0 4 _aالمخدرات
650 0 4 _aمكافحة الادمان
650 0 4 _aالانتربولوجيا الجنايئة
650 0 4 _aالادمان
942 _2ddc
_cBK
999 _c58911
_d58911